Medios de comunicación social y derechos humanos /
Wedi'i Gadw mewn:
| Prif Awdur: | |
|---|---|
| Fformat: | Llyfr |
| Iaith: | Spanish |
| Cyhoeddwyd: |
San José, Costa Rica :
EDUCA,
1997
|
| Cyfres: | Cuadernos educativos,
3 |
| Pynciau: | |
| Tagiau: |
Ychwanegu Tag
Dim Tagiau, Byddwch y cyntaf i dagio'r cofnod hwn!
|
MARC
| LEADER | 00000nam a2200000Ia 4500 | ||
|---|---|---|---|
| 008 | 171003b1997 cr ||||| |||| 00| | spa d | ||
| 999 | |c 981 |d 981 | ||
| 020 | |a 9977302804 | ||
| 090 | |a 04.02.01 |b 569 | ||
| 100 | 1 | |a Sagastume Gemmell, Marco Antonio |9 3160 | |
| 245 | 1 | 0 | |a Medios de comunicación social y derechos humanos / |c Marco Antonio Sagastume Gemmell |
| 260 | |a San José, Costa Rica : |b EDUCA, |c 1997 | ||
| 300 | |a 64 páginas | ||
| 490 | |a Cuadernos educativos, |v 3 | ||
| 650 | 1 | 4 | |a DERECHOS HUMANOS |9 588 |
| 650 | 1 | 4 | |a MEDIOS DE COMUNICACIÓN |9 388 |
| 942 | |i 00504 |h 04.02.01 569 |2 z |c 01 | ||



